| 000 | 00619nam a2200181 a 4500 | ||
|---|---|---|---|
| 005 | 20240806064243.0 | ||
| 008 | 991125s1973 mx 000 0 spa u | ||
| 035 | _aUPN01000030869 | ||
| 049 | _aCG | ||
| 050 | 4 |
_aLB1027 _bE8.4 |
|
| 100 | 1 | _aEstrada Hernández, Felícitas | |
| 245 | 1 | 0 |
_aInforme de la práctica profesional y servicio social / _cFelícitas Estrada Hernández. |
| 260 |
_aChilpancingo : _bF. Estrada Hernández, _c1973. |
||
| 300 |
_a59 h. : _bil., gráfs. col. + _eanexo |
||
| 650 | 4 |
_aEducación primaria _xMetodología _96886 |
|
| 650 | 4 |
_aPrácticas de la enseñanza _zMéxico _919801 |
|
| 905 | _aLibro | ||
| 999 |
_c30869 _d30869 |
||